Najpopularniejsi raperzy w tym tygodniu . 06-12.08.21 - Statystyki

Ogólne statystyki
  • Ten quiz został rozwiązany 21 razy
  • Średni wynik to 9 z 15
Statystyki odpowiedzi
Miejsce w poprzednim tygodniu Wyświetlenia Raper % Poprawnych
#4 5.01M Mata
95%
#8 3.29M Bedoes
89%
#3 6.41M Sobel
84%
#2 5.73M White 2115
79%
#1 9.53M Kizo
74%
#10 6.21M Żabson
74%
Nie ma w top 100 3.63M Young Leosia
68%
#11 2.31M Malik Montana
63%
#12 2.48M Reto
53%
#7 2.92M Young Igi
53%
#15 2.46M Szpaku
47%
#9 3.23M Paluch
42%
#5 3.60M Tymek
42%
#99 2.36M Smolasty
32%
#6 3.14M Kubańczyk
26%
Nie znaleziono quizów pasujących do podanych kryteriów
Rozkład punktacji
Procent ludzi z każdym wynikiem
Percentyl według liczby udzielonych odpowiedzi
Twoja historia wyników
Nie rozwiązałeś tego quizu